000 00466nam a2200145Ia 4500
008 151213s9999 xx 000 0 und d
100 _aরাহাত খান।
245 _aঅনিশ্চিত লোকালয়।
_cরাহাত খান।
260 _aঢাকা
_bবর্ণবীথি।
_c7380(b…..
300 _a8454 p.
650 _aBangla
650 _aBengali Literature
700 _aরাহাত খান।
999 _c4292
_d4292